| 000 | 00564nam a22001937a 4500 | ||
|---|---|---|---|
| 003 | OSt | ||
| 005 | 20220304065314.0 | ||
| 008 | 160202b xxu||||| |||| 00| 0 eng d | ||
| 020 | _a9966221522 | ||
| 040 |
_cMMU _aMMU _beng _dMMU |
||
| 050 | _aPL8703.5 .W34 1999 | ||
| 100 | _aWafula, Richard M | ||
| 245 |
_aUhakiki wa tamthilia: _bHistoria na maendeleo yake/ _cRichard wafula. |
||
| 260 |
_aNairobi : _bJomo Kenyatta Foundation, _c1999. |
||
| 300 | _a202 p. : | ||
| 500 | _aIncludes Bibliography and index | ||
| 650 | _aKiswahili Drama | ||
| 942 |
_2lcc _cLOAN LOAN |
||
| 999 |
_c16297 _d16297 |
||